000
00204nam a22000977a 4500
999
_c
15931
_d
15931
003
OSt
008
191023b ||||| |||| 00| 0 eng d
100
_a
Bhasi, malaparamba
_9
4412
245
_a
Not
942
_c
BK